National Crime Victimization Survey Local-Area Crime Survey Field Test Methodology Report

Gespeichert in:  
Bibliographische Detailangaben
VerfasserInnen: Brick, J.M. (Verfasst von) ; Lim, Yunhee (Verfasst von) ; Jones, Robin (Verfasst von) ; Edwards, W.S. (Verfasst von) ; Broene, Pam (Verfasst von) ; Giambo, Pamela (Verfasst von) ; Lohr, Sharon (Verfasst von)
Medienart: Elektronisch Forschungsdaten Statistik
Sprache:Englisch
Veröffentlicht: [Erscheinungsort nicht ermittelbar] Westat 2020
In:Jahr: 2020
Online-Zugang: Volltext (lizenzpflichtig)
Verfügbarkeit prüfen: HBZ Gateway
Subito Bestelldienst: Jetzt bestellen.
Schlagwörter:

MARC

LEADER 00000cam a22000002c 4500
001 1912629755
003 DE-627
005 20250113055010.0
007 cr uuu---uuuuu
008 241217s2020 xx |||||os 00| ||eng c
035 |a (DE-627)1912629755 
035 |a (DE-599)KXP1912629755 
040 |a DE-627  |b ger  |c DE-627  |e rda 
041 |a eng 
084 |a 2,1  |2 ssgn 
100 1 |a Brick, J.M.  |e VerfasserIn  |4 aut 
245 1 0 |a National Crime Victimization Survey Local-Area Crime Survey Field Test Methodology Report 
264 1 |a [Erscheinungsort nicht ermittelbar]  |b Westat  |c 2020 
336 |a Text  |b txt  |2 rdacontent 
337 |a Computermedien  |b c  |2 rdamedia 
338 |a Online-Ressource  |b cr  |2 rdacarrier 
655 7 |a Statistik  |0 (DE-588)4056995-0  |0 (DE-627)106152955  |0 (DE-576)209119799  |2 gnd-content 
655 7 |a Forschungsdaten  |0 (DE-588)1098579690  |0 (DE-627)857755366  |0 (DE-576)469182156  |2 gnd-content 
700 1 |a Lim, Yunhee  |e VerfasserIn  |4 aut 
700 1 |a Jones, Robin  |e VerfasserIn  |4 aut 
700 1 |a Edwards, W.S.  |e VerfasserIn  |4 aut 
700 1 |a Broene, Pam  |e VerfasserIn  |4 aut 
700 1 |a Giambo, Pamela  |e VerfasserIn  |4 aut 
700 1 |a Lohr, Sharon  |e VerfasserIn  |4 aut 
856 4 0 |u https://bjs.ojp.gov/redirect-legacy/content/pub/pdf/ncvslacsftmr.pdf  |q application/pdf  |x Verlag  |z lizenzpflichtig  |3 Volltext  |7 1 
935 |a mkri 
951 |a BO 
ELC |a 1 
LOK |0 000 xxxxxcx a22 zn 4500 
LOK |0 001 4637595274 
LOK |0 003 DE-627 
LOK |0 004 1912629755 
LOK |0 005 20241217044730 
LOK |0 008 241217||||||||||||||||ger||||||| 
LOK |0 035   |a (DE-2619)ICPSR146694 
LOK |0 040   |a DE-2619  |c DE-627  |d DE-2619 
LOK |0 092   |o n 
LOK |0 852   |a DE-2619 
LOK |0 852 1  |9 00 
LOK |0 935   |a foda  |a nacp 
LOK |0 939   |a 17-12-24  |b l01 
ORI |a SA-MARC-krimdoka001.raw